| 000 | 00950cab a2200277 4500 | ||
|---|---|---|---|
| 001 | WB2437-21 | ||
| 008 | 090401t1988 xxu||||| |||| 00| 0 eng d | ||
| 035 | _a(Sirsi) u25196 | ||
| 041 | _aeng | ||
| 245 | _aDamages for disrepair | ||
| 260 | _c1988 | ||
| 350 | _a0 | ||
| 490 |
_aEstates Gazette _vno 8836, 10/9/88 p191 |
||
| 520 | _aDiscusses the decision in Sturolson and Co v Mauroux , CA 25 January 1988, see Abstract 39347, which concerned a residential tenancy and the previous landlords` failure to comply with statutory repair ing obligations. | ||
| 650 | _aDAMAGES | ||
| 650 | _aDISREPAIR | ||
| 650 | _aMITIGATION OF LOSS | ||
| 650 | _aREGISTERED RENT | ||
| 650 | _aRENT ACT 1977 S70 | ||
| 650 | _aRENT ARREARS | ||
| 650 | _aREPAIRING COVENANTS | ||
| 650 | _aPROPERTY-RESIDENTIAL PROPERTY-RESIDENTIAL LANDLORD AND TENANT-RESIDENTIAL TENANCIES | ||
| 690 |
_aLandlord and tenant _96252 |
||
| 942 | _n0 | ||
| 948 | _c04/03/1997 | ||
| 999 |
_c16910 _d16910 |
||